| 000 | 00566nam a2200169 i 4500 | ||
|---|---|---|---|
| 001 | 37078 | ||
| 003 | ES-MaACL | ||
| 005 | 20230906155511.0 | ||
| 007 | t| | ||
| 008 | 030220s1959 sp ||||1| spa d | ||
| 100 | 1 |
_aBrull de Leoz, Luis. _932124 |
|
| 245 | 1 | 3 |
_aLa música clásica / _cLuis Brull de Leoz. |
| 260 |
_aCuenca : _bInstituto Nacional de Enseñanza Media Alfonso VIII, _c1959 ( _fMinerva) |
||
| 300 |
_a128 p., 6 lám. ; _c17 cm. |
||
| 710 | 2 |
_aInstituto Nacional de Enseñanza Media "Alfonso VIII" (Cuenca) _95156 |
|
| 852 |
_aES-MaACL _jC-17358 _bR.45583 |
||
| 999 |
_c37078 _d37078 |
||